000 00627nam a22001937a 4500
005 20251108165944.0
008 250721s1997 xx 000 0 ara d
082 1 4 _aط/811.9565/يوس
100 1 _aحمدان، يوسف
245 1 0 _aللأردن نغمي :
_bقصائد و أناشيد للأطفال و الفتيان 1993-1996 /
264 1 _aعمان :
_bدار الكرمل للنشر و التوزيع،
_c1997.
300 _a31ص
650 1 7 _aالشعر العربي
650 1 7 _aالشعر الحديث
650 1 7 _aالأدب العربي
650 1 7 _aالأردن
942 _2ddc
_cBK
999 _c35824
_d35824